Advances in graph theory
Na minha lista:
| Autor principal: | |
|---|---|
| Formato: | Livro |
| Idioma: | inglês |
| Publicado em: |
Amsterdam
North-Holland
1978
|
| Colecção: | Annals of Discrete Mathematics, 3
|
| Assuntos: | |
| Tags: |
Adicionar Tag
Sem tags, seja o primeiro a adicionar uma tag!
|
MARC
| LEADER | 00000nam a2200000 a 4500 | ||
|---|---|---|---|
| 001 | UCP2282 | ||
| 003 | CL-VaPUC | ||
| 005 | 20240318110934.0 | ||
| 008 | 990507e19780000ne 1 eng d | ||
| 082 | 0 | 4 | |a 511.5 |b BOL |2 21 |
| 100 | 1 | |a Bollobás, B |e author |9 619457 | |
| 245 | 1 | 0 | |a Advances in graph theory |
| 260 | |a Amsterdam |b North-Holland |c 1978 | ||
| 300 | |a 295 p | ||
| 490 | 0 | |a Annals of Discrete Mathematics, 3 | |
| 583 | |a last modification |c 19990507 00:00:00 |k Rodrigo Vera | ||
| 650 | 0 | 0 | |a Teoría de grafos |9 269886 |
| 650 | 0 | 7 | |a GRAFOS REGULARES |2 CL-VaPUC |9 619458 |
| 650 | 0 | 7 | |a HIPERGRAFOS |2 CL-VaPUC |9 426847 |
| 650 | 0 | 0 | |a Congresos |9 257560 |
| 942 | |c BK | ||
| 945 | |a crobeson |d 19990507 00:00:00 | ||
| 546 | |a En Inglés | ||
| 518 | |p Cambridge Combinatorial Conference, Cambridge, 12 al 14 de mayo de 1977 | ||
| 999 | |c 383408 |d 383406 | ||